| 000 | 00868nam a22002297a 4500 | ||
|---|---|---|---|
| 008 | 081119t xxu||||| |||| 00| 0 eng d | ||
| 010 | _aENG-91660 | ||
| 020 |
_a9788190719889 _c750.00 |
||
| 035 | _aEN-75193 | ||
| 037 | _bDBAD / PUB | ||
| 040 |
_adpl _bEnglish |
||
| 082 | _a658.5 | ||
| 100 | _aKhetrapal, B. | ||
| 245 |
_aLogistics & supply chain management / _cby B. Khetrapal |
||
| 260 |
_aNew Delhi _bAlfa Publications _c2009 |
||
| 270 |
_a4398/5, Ansari Road, Daryaganj, _bNew Delhi _e110002 |
||
| 300 |
_avi, 299p. _c22cm (Hb) |
||
| 500 | _aIncludes bibliographical references and index | ||
| 650 | _aBusiness logistics | ||
| 942 |
_2ddc _cEN _mKHE _h658.5 |
||
| 999 |
_c18708 _d18708 |
||